|
|
|
|
| LEADER |
00000nas a22000001a 4500 |
| 001 |
vtls010301223 |
| 003 |
SK-MaSNL |
| 005 |
20260228161538.0 |
| 008 |
110810d19531960xo er p r 0 b0slo |
| 015 |
|
|
|a SNBDS17XX9999
|
| 015 |
|
|
|a 0289
|2 Balúnová 1945-60
|
| 038 |
|
|
|a SNKBUDS
|
| 040 |
|
|
|a SNK
|b slo
|c SNK
|e AACR2
|
| 041 |
0 |
|
|a slo
|
| 044 |
|
|
|a xo
|c SK
|
| 080 |
|
|
|a 621
|2 2001
|
| 245 |
0 |
0 |
|a EZ montér
|b časopis zamestnancov Elektromontážnych závodov n. p. Bratislava
|
| 260 |
|
|
|a Bratislava
|b ZS ROH, ZO KSS, ZS ČSM a vedenie EZ n. p. v Bratislave
|c 1953-1960
|
| 300 |
|
|
|a 8 roč.
|c 22 x 31 cm
|
| 310 |
|
|
|a 1x za 2 týždne
|
| 362 |
0 |
|
|a Roč. I, č. 1 (jan. 1953)-roč. VIII, č. 17 (1960)
|
| 500 |
|
|
|a Zmena podnázvu: od 9/VII (15. mája 1959) Časopis zamestnancov Elektromontážnych závodov Praha, n. p., závod Bratislava
|
| 500 |
|
|
|a V tiráži: od 1/IV (1. nov. 1956) 14-denník zamestnancov EZ Bratislava, od 13/VI (22. dec 1958) 14-denník zamestnancov EZ Praha n. p. závod Bratislava
|
| 500 |
|
|
|a Vych. v Bratislave dvojtýždenne
|
| 500 |
|
|
|a Zodp. a ved. red. Imrich Dobrota, od 1/IV (1. nov. 1956) sa neuvádza, od 13/VI (22. dec. 1958) zodp. red. Ladislav Tuma, od 5/VII (6. apr. 1959) sa neuvádza, od 11/VII (15. júna 1959) Ľudmila Majkútová, od 19/VII (31. okt. 1959) A. Lehocká. Výk. red. L. Tuma s red. radou, od 1/IV (1. nov. 1956) red. Gejza Müller, od 17/V (10. sept. 1957) Ladislav Tuma, od 22/V (11. nov. 1957) Melánia Zábojníková, od 13/VI (22. dec. 1958) L. Tuma, od 3/VII (28. marca 1959) sa neuvádza, od 11/VII (15. júna 1959) Ľ. Majkútová, od 19/VII (31. okt. 1959) A. Lehocká. Ved. red. rady od 2/IV (20. nov. 1956) B. Kovačič, od 13/VI (22. dec. 1958) sa neuvádza
|
| 500 |
|
|
|a Vyd. ZS ROH, ZO KSS, ZS ČSM a vedenie EZ n. p. v Bratislave, od 1/IV (1. nov. 1956) aj ako maj.
|
| 500 |
|
|
|a Tlač. Merkantilné tlačiarne n. p., zákl. záv. v Bratislave, od 2/IV (20. nov. 1956) sa neuvádza, od 3/VI (15. apr. 1958) Západoslov. tlačiarne 01, n. p. v Bratislave
|
| 500 |
|
|
|a Vych. od jan. 1953; pov. PIO č. 19788/52-IV/2 PK HS 19918/56. Č. 14 z 15. aug. 1955 dočasne zastavený, opäť začal vych. až 1. nov. 1956; v r. 1958 č. 2 vyšlo aj samostatne 5 febr. 1958 aj ako dvojč. 2-3 z 15. apr. 1958; č. 6 z 30. mája 1958 vyd. dočasne prerušené a opäť vych. od 22. dec. 1958 ako dvojč. 13-14. Č. 7-12 prakticky nevyšlo (podľa čl. v č. 13-14, s. 5)
|
| 500 |
|
|
|a V r. 1954 dvojtýždenne vych. príloha Zápisník elektromontéra
|
| 505 |
8 |
0 |
|g Roč. I. 1953 29 č. po 4-12 s.
|
| 505 |
8 |
0 |
|g Roč. II. 1954 23 č. po 8-12 s.
|
| 505 |
8 |
0 |
|g Roč. III. 1955 14 č. po 8-12 s.
|
| 505 |
8 |
0 |
|g Roč. IV. 1956 4 č. po 6 s.
|
| 505 |
8 |
0 |
|g Roč. V. 1957 23 č. po 2-6 s.
|
| 505 |
8 |
0 |
|g Roč. VI. 1958 14 č. po 4-6 s.
|
| 505 |
8 |
0 |
|g Roč. VII. 1959 22 č. po 4-6 s.
|
| 505 |
8 |
0 |
|g Roč. VIII. 1960 17 č. po 4 s.
|
| 525 |
|
|
|a V r. 1955 zvl. príl. Poučenie pre osoby určené k obsluhe alebo ku práci na elektrickom zariadení, 20 s.; v r. 1957 Kolektívna zmluva 1957, Elektromontážne závody, n. p. Bratislava, 16 s., 15 x 21 cm; v r. 1958 Kolektívna zmluva na rok 1958, 8 s., 11 x 15 cm; periodická príl. Technické informácie EZ. V r. 1959 Kolektívna zmluva na rok 1959, 8 s., 15 x 21 cm; v č. 6 a 9/1959 Zásady novej robotníckej mzdovej sústavy a tarifno-kvalifikačného katalógu, 24 s., 11 x 15 cm; od č. 15/1959 séria odborných príl. v 12 x 16 cm, č. 1 Montáž epoxydových koncoviek do 10 kV, 16 s.; č. 2 Zariadenie pre prácu vo výškach, 16 s., č. 3-4 Nastreľovač BČ 54, 16 + 8 s.; č. 7/1960 Poznatky zo zavedenia NMS (uverejnenie obsahu prémiových poriadkov a ukazovateľov pre prémie), 8 s., 11 x 16 cm; č. 5 a 6/1960 Podmienky pre poskytovanie príplatkov za práce konané v sťaženom a zdraviu škodlivom prostredí, 12 s., 11 x 15 cm
|
| 650 |
0 |
7 |
|a elektrotechnika
|2 SNKPH
|9 3619
|
| 655 |
|
7 |
|a podnikové časopisy
|2 SNKBUDS
|9 265225
|
| 700 |
1 |
|
|a Dobrota, Imrich
|4 pbd
|9 268852
|
| 700 |
1 |
|
|a Tuma, Ladislav
|4 pbd
|4 red
|9 268853
|
| 700 |
1 |
|
|a Majkútová, Ľudmila
|4 pbd
|4 red
|9 268854
|
| 700 |
1 |
|
|a Lehocká, A.
|4 pbd
|4 red
|9 268855
|
| 700 |
1 |
|
|a Müller, Gejza
|4 red
|9 268856
|
| 700 |
1 |
|
|a Zábojníková, Melánia
|4 red
|9 268857
|
| 700 |
1 |
|
|a Kovačič, B.
|4 red
|9 268858
|
| 710 |
2 |
|
|a Elektromontážne závody, n.p. (Bratislava, Slovensko)
|e vydav.
|9 268859
|
| 710 |
2 |
|
|a Merkantilné tlačiarne, n.p. (Bratislava, Slovensko)
|e tlač.
|9 268817
|
| 710 |
2 |
|
|a Západoslovenské tlačiarne, n.p. (Bratislava, Slovensko)
|e tlač.
|9 268818
|
| 770 |
0 |
|
|t Zápisník elektromontéra
|
| 852 |
|
|
|a SNK
|b 10000
|h ČSB 820
|
| 852 |
|
|
|a UKB
|b 300000
|h SB 1515
|
| 852 |
|
|
|a UKB
|b 300000
|h XX B 843
|
| 852 |
|
|
|a SVKKK
|b 900000
|h C 307
|
| 999 |
|
|
|c 5702
|d 7632
|